| 000 | 00738nam a2200253Ia 4500 | ||
|---|---|---|---|
| 003 | OSt | ||
| 005 | 20220926015538.0 | ||
| 006 | a|||||r|||| 00| 0 | ||
| 007 | ta | ||
| 008 | 220923b |||||||| |||| 00| 0 eng d | ||
| 037 | _cGeneral Book | ||
| 040 |
_aRTL _cRTL _beng |
||
| 041 |
_2eng _aeng |
||
| 082 | _aXM5:8, P0 | ||
| 100 |
_aGodard Alain _9322672 |
||
| 245 | 0 |
_aTransformational leadership _b Shared dreams to succeed |
|
| 260 |
_aNew York _bPalgrave USA _c2000 |
||
| 300 |
_axvii, 140p _ccm. |
||
| 500 | _aAppendix: P 128-35 | ||
| 650 |
_aCorporate MVPs _9231840 |
||
| 700 |
_a Lenhardt Vincent _9322673 |
||
| 942 |
_hXM5:8, P0 _cGB _2CC |
||
| 999 |
_c631959 _d631959 |
||